Violent children

Gespeichert in:  
Bibliographische Detailangaben
Beteiligte: Pettit, Gregory S. (Herausgegeben von)
Medienart: Druck Buch
Sprache:Englisch
Veröffentlicht: Washington, DC American Psychological Assoc. 2003
In: Developmental psychology (39,2 : Special issue)
Jahr: 2003
Bestand in Tübingen:In Tübingen vorhanden.
IFK: D III 55
Verfügbarkeit prüfen: HBZ Gateway
Subito Bestelldienst: Jetzt bestellen.
Schlagwörter:

MARC

LEADER 00000cam a2200000 c 4500
001 1174228180
003 DE-627
005 20220612122655.0
007 tu
008 030411s2003 xx ||||| 00| ||eng c
035 |a (DE-627)1174228180 
035 |a (DE-576)104228180 
035 |a (DE-599)BSZ104228180 
035 |a (OCoLC)51968259 
040 |a DE-627  |b ger  |c DE-627  |e rakwb 
041 |a eng 
245 0 0 |a Violent children  |c guest eds.: Gregory S. Pettit ... 
264 1 |a Washington, DC  |b American Psychological Assoc.  |c 2003 
300 |a S. 186 - 378  |b graph. Darst. 
336 |a Text  |b txt  |2 rdacontent 
337 |a ohne Hilfsmittel zu benutzen  |b n  |2 rdamedia 
338 |a Band  |b nc  |2 rdacarrier 
490 1 |a Developmental psychology  |v 39,2  |a Special issue 
583 1 |a Archivierung prüfen  |c 20200919  |f DE-640  |z 2  |2 pdager 
655 7 |a Aufsatzsammlung  |0 (DE-588)4143413-4  |0 (DE-627)105605727  |0 (DE-576)209726091  |2 gnd-content 
689 0 0 |d s  |0 (DE-588)4030550-8  |0 (DE-627)104360100  |0 (DE-576)208988165  |a Kind  |2 gnd 
689 0 1 |d s  |0 (DE-588)4157237-3  |0 (DE-627)105502421  |0 (DE-576)209832878  |a Gewalttätigkeit  |2 gnd 
689 0 2 |d s  |0 (DE-588)4028859-6  |0 (DE-627)104419199  |0 (DE-576)208979859  |a Jugend  |2 gnd 
689 0 3 |d s  |0 (DE-588)4014963-8  |0 (DE-627)106338218  |0 (DE-576)208909990  |a Entwicklungspsychologie  |2 gnd 
689 0 |5 (DE-627) 
700 1 |a Pettit, Gregory S.  |e Hrsg.  |4 edt 
830 0 |a Developmental psychology  |v 39,2 : Special issue  |9 39,2  |w (DE-627)12950730X  |w (DE-576)014912406  |w (DE-600)209472-1  |x 0012-1649  |7 am 
951 |a BO 
ELC |b 1 
LOK |0 000 xxxxxcx a22 zn 4500 
LOK |0 001 2425293329 
LOK |0 003 DE-627 
LOK |0 004 1174228180 
LOK |0 005 20100407233653 
LOK |0 008 041122||||||||||||||||ger||||||| 
LOK |0 040   |a DE-21-110  |c DE-627  |d DE-21-110 
LOK |0 541   |e 04/483 
LOK |0 689   |a s  |0 1311125566  |a Jugendkriminalität 
LOK |0 689   |a s  |0 131116958X  |a Kinderkriminalität 
LOK |0 689   |a s  |0 1311194908  |a Kriminalitätsentwicklung 
LOK |0 689   |a s  |0 1311144633  |a Entwicklungspsychologie 
LOK |0 852   |a DE-21-110 
LOK |0 852 1  |c D III 55  |m p  |9 00 
LOK |0 936ln  |a 11.1.1 
LOK |0 938   |k p 
LOK |0 939   |a 22-11-04  |b l01 
ORI |a SA-MARC-krimdoka001.raw 
SIG |a IFK: D III 55